|
|
|
|
| LEADER |
03374nam a22006015i 4500 |
| 001 |
978-3-540-31757-9 |
| 003 |
DE-He213 |
| 005 |
20151204151436.0 |
| 007 |
cr nn 008mamaa |
| 008 |
100301s2006 gw | s |||| 0|eng d |
| 020 |
|
|
|a 9783540317579
|9 978-3-540-31757-9
|
| 024 |
7 |
|
|a 10.1007/3-540-31757-0
|2 doi
|
| 040 |
|
|
|d GrThAP
|
| 050 |
|
4 |
|a QA75.5-76.95
|
| 072 |
|
7 |
|a UY
|2 bicssc
|
| 072 |
|
7 |
|a UYA
|2 bicssc
|
| 072 |
|
7 |
|a COM014000
|2 bisacsh
|
| 072 |
|
7 |
|a COM031000
|2 bisacsh
|
| 082 |
0 |
4 |
|a 004.0151
|2 23
|
| 245 |
1 |
0 |
|a Chaos, Nonlinearity, Complexity
|h [electronic resource] :
|b The Dynamical Paradigm of Nature /
|c edited by A. Sengupta.
|
| 264 |
|
1 |
|a Berlin, Heidelberg :
|b Springer Berlin Heidelberg,
|c 2006.
|
| 300 |
|
|
|a XIII, 358 p.
|b online resource.
|
| 336 |
|
|
|a text
|b txt
|2 rdacontent
|
| 337 |
|
|
|a computer
|b c
|2 rdamedia
|
| 338 |
|
|
|a online resource
|b cr
|2 rdacarrier
|
| 347 |
|
|
|a text file
|b PDF
|2 rda
|
| 490 |
1 |
|
|a Studies in Fuzziness and Soft Computing,
|x 1434-9922 ;
|v 206
|
| 505 |
0 |
|
|a Chaos, Periodicity and Complexity on Dynamical Systems -- Foundations of Nonextensive Statistical Mechanics -- Critical Attractors and the Physical Realm of q-statistics -- Non-Boltzmannian Entropies for Complex Classical Systems, Quantum Coherent States and Black Holes -- Power Law and Tsallis Entropy: Network Traffic and Applications -- The Role of Chaos and Resonances in Brownian Motion -- Models of Finite Bath and Generalised Thermodynamics -- Quantum Black Hole Thermodynamics -- Complexity in Organizations: A Paradigm Shift -- Chaos, Nonlinearity, Complexity: A Unified Perspective.
|
| 520 |
|
|
|a This carefully edited book presents a focused debate on the mathematics and physics of chaos, nonlinearity and complexity in nature. It explores the role of non-extensive statistical mechanics in non-equilibrium thermodynamics, and presents an overview of the strong nonlinearity of chaos and complexity in natural systems that draws on the relevant mathematics from topology, measure-theory, inverse and ill-posed problems, set-valued analysis, and nonlinear functional analysis. It presents a self-contained scientific theory of complexity and complex systems as the steady state of non-equilibrium systems, denoting a homeostatic dynamic equilibrium between stabilizing order and destabilizing disorder.
|
| 650 |
|
0 |
|a Computer science.
|
| 650 |
|
0 |
|a Computers.
|
| 650 |
|
0 |
|a Artificial intelligence.
|
| 650 |
|
0 |
|a Applied mathematics.
|
| 650 |
|
0 |
|a Engineering mathematics.
|
| 650 |
|
0 |
|a Statistical physics.
|
| 650 |
|
0 |
|a Dynamical systems.
|
| 650 |
|
0 |
|a Vibration.
|
| 650 |
|
0 |
|a Dynamics.
|
| 650 |
1 |
4 |
|a Computer Science.
|
| 650 |
2 |
4 |
|a Theory of Computation.
|
| 650 |
2 |
4 |
|a Appl.Mathematics/Computational Methods of Engineering.
|
| 650 |
2 |
4 |
|a Statistical Physics, Dynamical Systems and Complexity.
|
| 650 |
2 |
4 |
|a Artificial Intelligence (incl. Robotics).
|
| 650 |
2 |
4 |
|a Applications of Mathematics.
|
| 650 |
2 |
4 |
|a Vibration, Dynamical Systems, Control.
|
| 700 |
1 |
|
|a Sengupta, A.
|e editor.
|
| 710 |
2 |
|
|a SpringerLink (Online service)
|
| 773 |
0 |
|
|t Springer eBooks
|
| 776 |
0 |
8 |
|i Printed edition:
|z 9783540317562
|
| 830 |
|
0 |
|a Studies in Fuzziness and Soft Computing,
|x 1434-9922 ;
|v 206
|
| 856 |
4 |
0 |
|u http://dx.doi.org/10.1007/3-540-31757-0
|z Full Text via HEAL-Link
|
| 912 |
|
|
|a ZDB-2-ENG
|
| 950 |
|
|
|a Engineering (Springer-11647)
|